[Event "Regionalliga SW 1617"]
[Site "Bayern"]
[Date "2017.04.30"]
[Round "9.2"]
[White "Nuessel, Georg"]
[Black "Jussupow, Alexander"]
[Result "1-0"]
[WhiteElo "2104"]
[BlackElo "2135"]
[PlyCount "81"]
[EventDate "2016.10.16"]
[EventType "team-tourn"]
[EventRounds "9"]
[EventCountry "GER"]
[SourceTitle "EXT 2019"]
[Source "ChessBase"]
[SourceDate "2018.10.10"]
[SourceVersion "1"]
[SourceVersionDate "2018.10.10"]
[SourceQuality "1"]
[WhiteTeam "Garching III"]
[BlackTeam "Krumbach"]
[WhiteTeamCountry "GER"]
[BlackTeamCountry "GER"]

1. b4 a5 2. b5 c6 3. c4 d5 4. e3 Bf5 5. d4 Nd7 6. cxd5 cxd5 7. Ba3 Ngf6 8. Bd3 Bxd3 9. Qxd3 g6 10. Nf3 Bg7 11. Nbd2 0-0 12. Rc1 Re8 13. 0-0 Qb8 14. Rc2 e5 15. dxe5 Nxe5 16. Nxe5 Qxe5 17. Bb2 Qd6 18. Ba3 Qd7 19. Rfc1 Rac8 20. Bc5 Ng4 21. Nf3 Ne5 22. Nxe5 Bxe5 23. a4 Qg4 24. f4 Bc7 25. Qxd5 Rcd8 26. Qf3 Qxf3 27. gxf3 b6 28. Bd4 Bxf4 29. Bxb6 Bxe3+ 30. Bxe3 Rxe3 31. Rc8 Rxc8 32. Rxc8+ Kg7 33. Ra8 Rxf3 34. Rxa5 Rb3 35. Ra6 Rb4 36. Kf2 Kf8 37. b6 Ke7 38. a5 Kd6 39. Ra7 Kc6 40. Rxf7 Kb5 41. Ra7 1-0

[Event "Regionalliga SW 1617"]
[Site "Bayern"]
[Date "2017.02.05"]
[Round "5.4"]
[White "Nuessel, Georg"]
[Black "Heuser, Philip"]
[Result "1-0"]
[WhiteElo "2104"]
[BlackElo "1989"]
[PlyCount "77"]
[EventDate "2016.10.16"]
[EventType "team-tourn"]
[EventRounds "9"]
[EventCountry "GER"]
[SourceTitle "EXT 2019"]
[Source "ChessBase"]
[SourceDate "2018.10.10"]
[SourceVersion "1"]
[SourceVersionDate "2018.10.10"]
[SourceQuality "1"]
[WhiteTeam "Garching III"]
[BlackTeam "Muenchen 36 II"]
[WhiteTeamCountry "GER"]
[BlackTeamCountry "GER"]

1. b4 d5 2. Bb2 Qd6 3. a3 e5 4. e3 Be6 5. Nf3 Nd7 6. d4 e4 7. Nfd2 f5 8. c4 c6 9. Nc3 Ne7 10. cxd5 cxd5 11. Nb3 Nc6 12. Nb5 Qb8 13. Nc5 Bf7 14. Nxd7 Kxd7 15. f3 Be6 16. Be2 Be7 17. 0-0 Rf8 18. Qb3 Rf6 19. Nc3 Qd6 20. Nb5 Qb8 21. Rac1 g5 22. fxe4 fxe4 23. Rxf6 Bxf6 24. Bg4 Ke7 25. Bxe6 Kxe6 26. Nc3 Qd8 27. Rf1 Be7 28. Nxe4 Qd7 29. Nc5+ Bxc5 30. dxc5 Ne5 31. Bxe5 Kxe5 32. e4 Rd8 33. Rf5+ Kxe4 34. Qf3+ Kd4 35. Qg4+ Kc3 36. Rf3+ Kc2 37. Qd4 Qb5 38. Rc3+ Kb1 39. Qd1+ 1-0

[Event "Regionalliga SW 1516"]
[Site "Bayern"]
[Date "2016.01.17"]
[Round "5.5"]
[White "Kramer, Colin"]
[Black "Nuessel, Georg"]
[Result "0-1"]
[WhiteElo "2027"]
[BlackElo "2104"]
[PlyCount "64"]
[EventDate "2015.10.11"]
[EventType "team-tourn"]
[EventRounds "9"]
[EventCountry "GER"]
[SourceTitle "EXT 2018"]
[Source "ChessBase"]
[SourceDate "2017.10.13"]
[SourceVersion "1"]
[SourceVersionDate "2017.10.13"]
[SourceQuality "1"]
[WhiteTeam "Bayern Muenchen III"]
[BlackTeam "Garching III"]
[WhiteTeamCountry "GER"]
[BlackTeamCountry "GER"]

1. c4 Nf6 2. Nf3 c5 3. g3 g6 4. Bg2 Bg7 5. 0-0 0-0 6. d3 Nc6 7. a3 d5 8. Nbd2 b6 9. Qc2 Bb7 10. Rb1 dxc4 11. Nxc4 Nd4 12. Nxd4 Bxg2 13. Ne6 Qc8 14. Nxf8 Bxf1 15. Nxg6 hxg6 16. Kxf1 Qh3+ 17. Ke1 Qxh2 18. e4 Qh1+ 19. Ke2 Ng4 20. Be3 Qh5 21. Ke1 Rd8 22. Rd1 b5 23. Nd2 Nxe3 24. fxe3 Qh2 25. Qb3 Qxg3+ 26. Ke2 Qg2+ 27. Ke1 Bf6 28. Rc1 c4 29. Nxc4 bxc4 30. Qxc4 Kg7 31. Rc2 Bh4+ 32. Kd1 Qf1+ 0-1

[Event "Regionalliga SW 1213"]
[Site "Bayern"]
[Date "2012.12.09"]
[Round "4.7"]
[White "Karrer, Werner"]
[Black "Nuessel, Georg"]
[Result "0-1"]
[WhiteElo "1831"]
[BlackElo "2090"]
[PlyCount "46"]
[EventDate "2012.10.14"]
[EventType "team-tourn"]
[EventRounds "9"]
[EventCountry "GER"]
[SourceTitle "EXT 2015"]
[Source "ChessBase"]
[SourceDate "2014.11.20"]
[SourceVersion "1"]
[SourceVersionDate "2014.11.20"]
[SourceQuality "1"]
[WhiteTeam "Muenchen RTA"]
[BlackTeam "Garching II"]
[WhiteTeamCountry "GER"]
[BlackTeamCountry "GER"]

1. d4 Nf6 2. Nf3 e6 3. e3 b6 4. Bd3 Bb7 5. 0-0 d5 6. Nbd2 Bd6 7. Re1 Ne4 8. c3 0-0 9. Qc2 f5 10. Ne5 Nd7 11. Nxd7 Qxd7 12. f3 Nxd2 13. Bxd2 c5 14. dxc5 bxc5 15. c4 Qc7 16. h3 Qf7 17. Re2 Qg6 18. Be1 dxc4 19. Bxc4 Bxf3 20. Bxe6+ Kh8 21. Rf2 Be4 22. Qc4 Rad8 23. Rd2 Bh2+ 0-1

[Event "Regionalliga SW 1112"]
[Site "Bayern"]
[Date "2011.10.02"]
[Round "1.5"]
[White "Bronold, Anton"]
[Black "Nuessel, Georg"]
[Result "0-1"]
[WhiteElo "1777"]
[BlackElo "2106"]
[PlyCount "108"]
[EventDate "2011.10.02"]
[EventType "team-tourn"]
[EventRounds "9"]
[EventCountry "GER"]
[SourceTitle "EXT 2013"]
[Source "ChessBase"]
[SourceDate "2012.11.22"]
[SourceVersion "1"]
[SourceVersionDate "2012.11.22"]
[SourceQuality "1"]
[WhiteTeam "Muenchen RTA"]
[BlackTeam "Garching II"]
[WhiteTeamCountry "GER"]
[BlackTeamCountry "GER"]

1. d4 Nf6 2. c4 e6 3. Nf3 d5 4. e3 c5 5. cxd5 Nxd5 6. g3 Nc6 7. Bg2 Be7 8. 0-0 0-0 9. dxc5 Bxc5 10. a3 a5 11. Qc2 b6 12. Nc3 Nxc3 13. Qxc3 Bb7 14. b3 Qe7 15. Bb2 f6 16. Qc2 Rac8 17. Qe2 Rfd8 18. Rfd1 Rxd1+ 19. Qxd1 Rd8 20. Qe2 Qd6 21. Qc4 Nb8 22. Nd4 Bxd4 23. Bxd4 Ba6 24. Qc1 e5 25. Bc3 Nd7 26. b4 a4 27. Qb2 Bc4 28. Bf3 Bb3 29. Re1 b5 30. Be2 Qd5 31. Qd2 Qxd2 32. Bxd2 Nb6 33. Bc1 Bc4 34. Rd1 Rxd1+ 35. Bxd1 Kf7 36. e4 Bd3 37. f3 Ke6 38. Kf2 Nc4 39. h3 f5 40. exf5+ Kxf5 41. g4+ Ke6 42. h4 Kd5 43. h5 Kd4 44. g5 Kc3 45. Be2 Bxe2 46. Kxe2 g6 47. hxg6 hxg6 48. f4 exf4 49. Kf3 Ne5+ 50. Ke4 Nd3 51. Bxf4 Nxf4 52. Kxf4 Kb3 53. Ke5 Kxa3 54. Kf6 Kxb4 0-1

[Event "Regionalliga SW 1011"]
[Site "Bayern"]
[Date "2010.10.10"]
[Round "1.2"]
[White "Fischer, Manfred"]
[Black "Nuessel, Georg"]
[Result "1/2-1/2"]
[WhiteElo "2129"]
[BlackElo "2090"]
[PlyCount "65"]
[EventDate "2010.10.10"]
[EventType "team-tourn"]
[EventRounds "9"]
[EventCountry "GER"]
[SourceTitle "EXT 2012"]
[Source "ChessBase"]
[SourceDate "2011.11.24"]
[SourceVersion "1"]
[SourceVersionDate "2011.11.24"]
[SourceQuality "1"]
[WhiteTeam "Tuerkheim/Bad Woerishofen"]
[BlackTeam "Garching II"]
[WhiteTeamCountry "GER"]
[BlackTeamCountry "GER"]

1. e4 d5 2. exd5 Qxd5 3. Nc3 Qd6 4. Bc4 Nf6 5. Qf3 c6 6. d3 Bg4 7. Qg3 Qxg3 8. hxg3 e5 9. f3 Bf5 10. g4 Bg6 11. Be3 Bb4 12. Nge2 Nbd7 13. 0-0-0 Nb6 14. Bb3 Bxc3 15. Nxc3 Nbd5 16. Bd2 0-0-0 17. Ne4 Nxe4 18. dxe4 Nc7 19. Bb4 h6 20. Be7 Rxd1+ 21. Rxd1 Re8 22. Bd6 Nb5 23. Bc5 b6 24. Bf2 Rd8 25. Rxd8+ Kxd8 26. a4 Nd4 27. Bc4 c5 28. c3 Nc6 29. Kd2 Ke7 30. Bd5 Kd6 31. g3 f6 32. Bxc6 Kxc6 33. b4 1/2-1/2

[Event "Munich op"]
[Site "Munich"]
[Date "2010.10.03"]
[Round "9"]
[White "Nuessel, Georg"]
[Black "Baldauf, Marco"]
[Result "0-1"]
[WhiteElo "2129"]
[BlackElo "2363"]
[PlyCount "92"]
[EventDate "2010.09.25"]
[EventType "swiss"]
[EventRounds "9"]
[EventCountry "GER"]
[SourceTitle "CBM 138 Extra"]
[Source "ChessBase"]
[SourceDate "2010.10.29"]
[SourceVersion "1"]
[SourceVersionDate "2010.10.29"]
[SourceQuality "1"]

1. Nf3 Nf6 2. c4 e6 3. Nc3 d5 4. d4 c6 5. cxd5 exd5 6. Bf4 Bf5 7. Qb3 Qb6 8. e3 Nbd7 9. Be2 Be7 10. h3 0-0 11. 0-0 Ne8 12. g4 Bg6 13. Qxb6 axb6 14. h4 h5 15. gxh5 Bxh5 16. Ng5 Ndf6 17. Bd3 b5 18. f3 Bd6 19. Ne2 Ra4 20. Bc2 Ra5 21. a3 Bg6 22. e4 Nh5 23. Bd2 Ra8 24. Kg2 Nc7 25. Rac1 Rae8 26. e5 Be7 27. f4 Bxc2 28. Rxc2 f6 29. f5 fxg5 30. hxg5 g6 31. f6 Bd8 32. Rh1 Kf7 33. Rc3 Rh8 34. Rch3 Rh7 35. Kf3 Reh8 36. Kg4 Ne6 37. Be3 Nf8 38. Bd2 Ne6 39. Bb4 Bb6 40. Ng3 Nxf6+ 41. gxf6 Rxh3 42. Rxh3 Rxh3 43. Kxh3 Bxd4 44. Bc3 Bxc3 45. bxc3 Nf4+ 46. Kg4 Nd3 0-1

[Event "Munich op"]
[Site "Munich"]
[Date "2010.10.01"]
[Round "7"]
[White "Nuessel, Georg"]
[Black "Vogel, Robert"]
[Result "1/2-1/2"]
[WhiteElo "2129"]
[BlackElo "2284"]
[PlyCount "88"]
[EventDate "2010.09.25"]
[EventType "swiss"]
[EventRounds "9"]
[EventCountry "GER"]
[SourceTitle "CBM 138 Extra"]
[Source "ChessBase"]
[SourceDate "2010.10.29"]
[SourceVersion "1"]
[SourceVersionDate "2010.10.29"]
[SourceQuality "1"]

1. Nf3 c5 2. c4 Nf6 3. Nc3 d5 4. cxd5 Nxd5 5. g3 Nc6 6. Bg2 g6 7. d4 Bg7 8. e3 0-0 9. 0-0 Nxc3 10. bxc3 Qa5 11. Bd2 cxd4 12. cxd4 Qh5 13. Nh4 Qxd1 14. Rfxd1 Bg4 15. f3 Be6 16. f4 Rfd8 17. Nf3 Bd5 18. Rdb1 b6 19. Bb4 Nxb4 20. Rxb4 Rac8 21. Ne1 Bxg2 22. Kxg2 Rc3 23. Rb3 Rdc8 24. Rab1 e6 25. Kf2 Kf8 26. Rxc3 Rxc3 27. Rb2 Ke7 28. Rc2 Rxc2+ 29. Nxc2 Kd6 30. Ke2 Kc6 31. Kd3 Bf8 32. e4 f5 33. d5+ exd5 34. Nd4+ Kd7 35. exf5 gxf5 36. Nxf5 b5 37. g4 Ba3 38. Nd4 Bc1 39. Nxb5 Bxf4 40. Nxa7 Bxh2 41. Nb5 Bg1 42. Nd4 Bh2 43. Nf3 Bf4 44. Kd4 Kd6 1/2-1/2

[Event "Oberliga Bayern 0910"]
[Site "Bayern"]
[Date "2010.03.21"]
[Round "8.7"]
[White "Schmidt, Anton"]
[Black "Nuessel, Georg"]
[Result "1/2-1/2"]
[WhiteElo "2076"]
[BlackElo "2080"]
[PlyCount "72"]
[EventDate "2009.10.18"]
[EventType "team-tourn"]
[EventRounds "9"]
[EventCountry "GER"]
[SourceTitle "EXT 2011"]
[Source "ChessBase"]
[SourceDate "2010.11.26"]
[SourceVersion "1"]
[SourceVersionDate "2010.11.26"]
[SourceQuality "1"]
[WhiteTeam "Groebenzell"]
[BlackTeam "Garching"]
[WhiteTeamCountry "GER"]
[BlackTeamCountry "GER"]

1. c4 e5 2. Nc3 d6 3. g3 f5 4. Nf3 Nf6 5. d4 e4 6. Nh4 Be7 7. Bh3 g6 8. 0-0 c6 9. d5 Nfd7 10. Ng2 Ne5 11. Qb3 g5 12. Ne1 g4 13. Bg2 Nbd7 14. Be3 c5 15. f3 exf3 16. exf3 0-0 17. Ne2 Ng6 18. fxg4 fxg4 19. Nd3 Qb6 20. Bh6 Rxf1+ 21. Rxf1 Qxb3 22. axb3 Bf6 23. Be4 Bg7 24. Bxg7 Kxg7 25. Bxg6 hxg6 26. Nc3 Nf6 27. Re1 Bf5 28. Nf2 Re8 29. Rxe8 Nxe8 30. Nfe4 a6 31. Kf2 b5 32. Ke3 b4 33. Nd1 g5 34. Ndf2 Kg6 35. Ke2 Kh6 36. Ke3 Kg6 1/2-1/2

[Event "Oberliga Bayern 0910"]
[Site "Bayern"]
[Date "2010.02.07"]
[Round "6.8"]
[White "Nuessel, Georg"]
[Black "Braun, Christian"]
[Result "1/2-1/2"]
[WhiteElo "2080"]
[BlackElo "2156"]
[PlyCount "50"]
[EventDate "2009.10.18"]
[EventType "team-tourn"]
[EventRounds "9"]
[EventCountry "GER"]
[SourceTitle "EXT 2011"]
[Source "ChessBase"]
[SourceDate "2010.11.26"]
[SourceVersion "1"]
[SourceVersionDate "2010.11.26"]
[SourceQuality "1"]
[WhiteTeam "Garching"]
[BlackTeam "Bayern Muenchen II"]
[WhiteTeamCountry "GER"]
[BlackTeamCountry "GER"]

1. c4 e5 2. Nc3 Nf6 3. g3 Bb4 4. Bg2 Nc6 5. Nd5 Bc5 6. a3 a5 7. d3 h6 8. Bd2 d6 9. e3 Nxd5 10. cxd5 Ne7 11. Bc3 0-0 12. d4 exd4 13. Bxd4 Bxd4 14. Qxd4 c6 15. dxc6 bxc6 16. Ne2 Ba6 17. Qd2 Qb6 18. Rc1 Rab8 19. Rc2 Rfd8 20. 0-0 Bb5 21. Rfc1 d5 22. Nd4 Bc4 23. b3 Bxb3 24. Rxc6 Nxc6 25. Nxc6 a4 1/2-1/2

[Event "Oberliga Bayern 0910"]
[Site "Bayern"]
[Date "2010.01.24"]
[Round "5.7"]
[White "Nuessel, Georg"]
[Black "Ederer, Rene"]
[Result "0-1"]
[WhiteElo "2080"]
[BlackElo "2045"]
[PlyCount "38"]
[EventDate "2009.10.18"]
[EventType "team-tourn"]
[EventRounds "9"]
[EventCountry "GER"]
[SourceTitle "EXT 2011"]
[Source "ChessBase"]
[SourceDate "2010.11.26"]
[SourceVersion "1"]
[SourceVersionDate "2010.11.26"]
[SourceQuality "1"]
[WhiteTeam "Garching"]
[BlackTeam "Nuernberg NT II"]
[WhiteTeamCountry "GER"]
[BlackTeamCountry "GER"]

1. c4 c5 2. Nc3 g6 3. d4 cxd4 4. Qxd4 Nf6 5. e4 d6 6. Be3 Bg7 7. Qd2 Nc6 8. f3 h6 9. Nge2 Bd7 10. Rc1 a6 11. Nd5 Nxd5 12. cxd5 Na7 13. Nd4 Rc8 14. Be2 Rxc1+ 15. Qxc1 Qa5+ 16. Kf2 0-0 17. Qb1 Nb5 18. Bxb5 axb5 19. Rc1 Bxd4 0-1

[Event "Oberliga Bayern 0910"]
[Site "Bayern"]
[Date "2009.11.15"]
[Round "2.8"]
[White "Alm, Christopher"]
[Black "Nuessel, Georg"]
[Result "1/2-1/2"]
[WhiteElo "2088"]
[BlackElo "2080"]
[PlyCount "31"]
[EventDate "2009.10.18"]
[EventType "team-tourn"]
[EventRounds "9"]
[EventCountry "GER"]
[SourceTitle "EXT 2011"]
[Source "ChessBase"]
[SourceDate "2010.11.26"]
[SourceVersion "1"]
[SourceVersionDate "2010.11.26"]
[SourceQuality "1"]
[WhiteTeam "Wuerzburg"]
[BlackTeam "Garching"]
[WhiteTeamCountry "GER"]
[BlackTeamCountry "GER"]

1. d4 Nf6 2. Bg5 d5 3. Bxf6 exf6 4. e3 Bd6 5. g3 0-0 6. Bg2 c6 7. Nd2 Bf5 8. Ne2 Na6 9. a3 Qd7 10. 0-0 Bg4 11. c4 dxc4 12. Nxc4 Bc7 13. b4 Rad8 14. Re1 Bh3 15. Bh1 Rfe8 16. Nc3 1/2-1/2

[Event "Landesliga Sued 0809"]
[Site "Bayern"]
[Date "2008.11.30"]
[Round "3.7"]
[White "Schuetzhold, Frank"]
[Black "Nuessel, Georg"]
[Result "0-1"]
[WhiteElo "1756"]
[BlackElo "2136"]
[PlyCount "124"]
[EventDate "2008.10.05"]
[EventType "team-tourn"]
[EventRounds "9"]
[EventCountry "GER"]
[SourceTitle "EXT 2020"]
[Source "ChessBase"]
[SourceDate "2019.10.17"]
[SourceVersion "1"]
[SourceVersionDate "2019.10.17"]
[SourceQuality "1"]
[WhiteTeam "Tegernsee II"]
[BlackTeam "Garching"]
[WhiteTeamCountry "GER"]
[BlackTeamCountry "GER"]

1. b3 e5 2. Bb2 d6 3. g3 g6 4. Bg2 Bg7 5. c4 Ne7 6. e3 0-0 7. Ne2 c6 8. 0-0 f5 9. d3 Be6 10. f4 Nd7 11. Nbc3 Nf6 12. d4 e4 13. Rc1 h6 14. h3 g5 15. Kh2 d5 16. cxd5 Bxd5 17. Ba3 Be6 18. Qd2 Rf7 19. Bxe7 Qxe7 20. Na4 Rd8 21. Nec3 Kh7 22. Rg1 g4 23. h4 Nh5 24. Qe1 Bf6 25. Bf1 Rg7 26. Kg2 Bc8 27. Rh1 b6 28. Ne2 Qa3 29. Rc2 c5 30. dxc5 b5 31. Nac3 Qxc5 32. Qc1 Bb7 33. Na4 Qd6 34. Nc5 Bd5 35. Rd2 Qb6 36. b4 Bc4 37. Nc3 Bd3 38. Bxd3 exd3 39. e4 Bxc3 40. Qxc3 fxe4 41. Qe5 e3 42. Qxe3 Qc6+ 43. Kh2 Qf3 44. Qf2 Qxf2+ 45. Rxf2 Re7 46. Rd1 Re3 47. Rg2 Kg6 48. Rdd2 Nf6 49. Rg1 Ne4 50. Nxe4 Rxe4 51. a3 Kf5 52. Rgd1 Re3 53. Kg2 Ke4 54. Kf2 Rc8 55. Re1 Rxe1 56. Kxe1 Ke3 57. Kd1 Rd8 58. Ke1 Rd5 59. Kd1 Kf3 60. f5 Kxg3 61. f6 Rf5 62. Rxd3+ Kxh4 0-1

[Event "Landesliga Sued 0809"]
[Site "Bayern"]
[Date "2008.10.05"]
[Round "1.6"]
[White "Nuessel, Georg"]
[Black "Loos, Stephan"]
[Result "0-1"]
[WhiteElo "2136"]
[BlackElo "2005"]
[PlyCount "68"]
[EventDate "2008.10.05"]
[EventType "team-tourn"]
[EventRounds "9"]
[EventCountry "GER"]
[SourceTitle "EXT 2020"]
[Source "ChessBase"]
[SourceDate "2019.10.17"]
[SourceVersion "1"]
[SourceVersionDate "2019.10.17"]
[SourceQuality "1"]
[WhiteTeam "Garching"]
[BlackTeam "Bayern Muenchen III"]
[WhiteTeamCountry "GER"]
[BlackTeamCountry "GER"]

1. c4 f5 2. Nf3 Nf6 3. Nc3 g6 4. b4 Bg7 5. Bb2 d6 6. e3 e5 7. d4 e4 8. Nd2 0-0 9. Qb3 c6 10. Be2 Be6 11. a4 Nbd7 12. h3 Qe7 13. b5 Bh6 14. 0-0-0 Rfc8 15. Kb1 d5 16. g4 f4 17. exf4 Bxf4 18. Nf1 Nb6 19. c5 Nc4 20. Bxc4 dxc4 21. Qc2 Bf7 22. Ne3 b6 23. Ba3 Rab8 24. Ka2 bxc5 25. Bxc5 Bd6 26. g5 Nd5 27. Nexd5 Bxd5 28. Bxd6 Qxd6 29. Rhe1 cxb5 30. axb5 Rxb5 31. Nxb5 c3+ 32. Kb1 Qb4+ 33. Kc1 Qxb5 34. Re3 Qb4 0-1

[Event "Landesliga Sued 0607"]
[Site "Bayern"]
[Date "2006.11.19"]
[Round "3.6"]
[White "Nuessel, Georg"]
[Black "Hackbarth, Wolfgang"]
[Result "1-0"]
[WhiteElo "2138"]
[BlackElo "2054"]
[PlyCount "101"]
[EventDate "2006.10.15"]
[EventType "team-tourn"]
[EventRounds "9"]
[EventCountry "GER"]
[SourceTitle "EXT 2008"]
[Source "ChessBase"]
[SourceDate "2007.11.25"]
[SourceVersion "1"]
[SourceVersionDate "2007.11.25"]
[SourceQuality "1"]
[WhiteTeam "Garching"]
[BlackTeam "Pfarrkirchen SC"]
[WhiteTeamCountry "GER"]
[BlackTeamCountry "GER"]

1. Nf3 g6 2. c4 Bg7 3. Nc3 c5 4. g3 Nc6 5. Bg2 Nf6 6. 0-0 0-0 7. d4 cxd4 8. Nxd4 Qb6 9. e3 d6 10. Qb3 Na5 11. Qxb6 axb6 12. b3 e5 13. Nc2 Be6 14. Bb2 Nc6 15. Rfd1 Rfd8 16. Nb5 Ne8 17. Bc3 f5 18. e4 f4 19. Rd3 g5 20. a4 Kf8 21. Rad1 Ke7 22. h4 h6 23. hxg5 hxg5 24. gxf4 gxf4 25. Bb4 Nxb4 26. Nxb4 Rd7 27. Bh3 Bf6 28. Nd5+ Bxd5 29. cxd5 Rdd8 30. Rc3 Bh4 31. Kg2 Kf6 32. Kf3 Kg5 33. Rg1+ Kh6 34. Bf5 Nf6 35. Rh1 Kg5 36. Rcc1 Rg8 37. Rh3 Nxd5 38. Rg1+ Kf6 39. Rxg8 Rxg8 40. Rxh4 Ne7 41. Nxd6 Rd8 42. Rh6+ Kg7 43. Rh7+ Kf6 44. Rf7+ Kg5 45. Rxe7 Rxd6 46. Rxe5 Rd3+ 47. Kg2 Kh4 48. Re7 f3+ 49. Kh2 Rxb3 50. Rh7+ Kg5 51. Kg3 1-0

[Event "Landesliga Sued 0506"]
[Site "Bayern"]
[Date "2006.01.15"]
[Round "5.6"]
[White "Lipok, Erik"]
[Black "Nuessel, Georg"]
[Result "1/2-1/2"]
[WhiteElo "2009"]
[BlackElo "2148"]
[PlyCount "164"]
[EventDate "2005.10.23"]
[EventType "team-tourn"]
[EventRounds "9"]
[EventCountry "GER"]
[SourceTitle "EXT 2007"]
[Source "ChessBase"]
[SourceDate "2006.11.23"]
[SourceVersion "1"]
[SourceVersionDate "2006.11.23"]
[SourceQuality "1"]
[WhiteTeam "Waldkirchen TSV"]
[BlackTeam "Garching"]
[WhiteTeamCountry "GER"]
[BlackTeamCountry "GER"]

1. Nf3 Nf6 2. d4 e6 3. e3 b6 4. Bd3 Bb7 5. Nbd2 d5 6. Ne5 Nfd7 7. f4 c5 8. c3 Nc6 9. 0-0 Qe7 10. Qh5 g6 11. Qh3 Bg7 12. Ndf3 f6 13. Nxd7 Qxd7 14. Qg3 c4 15. Bc2 b5 16. Bd2 a5 17. a3 f5 18. b3 cxb3 19. Bxb3 Ba6 20. Rfb1 0-0 21. a4 Rfb8 22. axb5 Bxb5 23. Bc2 a4 24. Bc1 Na5 25. Ba3 Nc4 26. Ne5 Nxe5 27. fxe5 Rc8 28. Qe1 Qc6 29. Bc5 Qe8 30. Bb4 h6 31. Ra3 Rc7 32. Qd1 Bf8 33. Bxf8 Kxf8 34. Rba1 Rac8 35. Qd2 g5 36. Bd1 Qe7 37. Qb2 Be8 38. Rb1 Rc4 39. Be2 R4c6 40. Rc1 R6c7 41. Rb1 Rc6 42. Kf2 Qc7 43. Qb4+ Qe7 44. Qxe7+ Kxe7 45. Rxa4 Rxc3 46. Ra7+ R3c7 47. Rbb7 Kd8 48. Rxc7 Rxc7 49. Ra2 Ke7 50. h3 Rb7 51. Bd3 h5 52. h4 Kf7 53. hxg5 Kg6 54. Ra8 Re7 55. Kf3 Kxg5 56. g3 h4 57. gxh4+ Kxh4 58. Kf4 Kh5 59. Ba6 Kg6 60. Bc8 Bf7 61. Ra6 Bg8 62. Rd6 Bf7 63. Bd7 Kh6 64. Bc6 Kh5 65. Bb5 Be8 66. Be2+ Kg6 67. Bf3 Kg7 68. Kg5 Bf7 69. Be2 Rb7 70. Ba6 Rb8 71. Rd7 Rh8 72. Rc7 Rh5+ 73. Kf4 Rh4+ 74. Kg3 Re4 75. Kf3 f4 76. exf4 Rxd4 77. Bc8 Rc4 78. Rxc4 dxc4 79. Ke3 c3 80. Kd3 Kg6 81. Kxc3 Kf5 82. Kd4 Kxf4 1/2-1/2

[Event "Landesliga Sued 0506"]
[Site "Bayern"]
[Date "2005.11.27"]
[Round "3.8"]
[White "Schwarzmeier, Klaus"]
[Black "Nuessel, Georg"]
[Result "1/2-1/2"]
[WhiteElo "2109"]
[BlackElo "2148"]
[PlyCount "83"]
[EventDate "2005.10.23"]
[EventType "team-tourn"]
[EventRounds "9"]
[EventCountry "GER"]
[SourceTitle "EXT 2007"]
[Source "ChessBase"]
[SourceDate "2006.11.23"]
[SourceVersion "1"]
[SourceVersionDate "2006.11.23"]
[SourceQuality "1"]
[WhiteTeam "Rottal Inn"]
[BlackTeam "Garching"]
[WhiteTeamCountry "GER"]
[BlackTeamCountry "GER"]

1. c4 c5 2. Nc3 Nc6 3. Nf3 g6 4. g3 Bg7 5. Bg2 e6 6. e3 Nge7 7. 0-0 0-0 8. d4 cxd4 9. exd4 d5 10. c5 Nf5 11. Bg5 Qa5 12. Be3 b6 13. cxb6 Qxb6 14. Na4 Qb4 15. a3 Nxe3 16. fxe3 Qd6 17. Rc1 Rb8 18. Qd2 Ba6 19. Rfe1 Bh6 20. Nc5 Bc4 21. Qc3 e5 22. Rc2 Bg7 23. b4 a5 24. Rb2 axb4 25. axb4 Rfe8 26. Rd1 exd4 27. Nxd4 Nxb4 28. Rxb4 Qxc5 29. Rxb8 Rxb8 30. Rc1 Qb6 31. Bf1 Bxf1 32. Rxf1 Bh6 33. Kg2 Re8 34. Rf3 Bg7 35. Qc6 Qxc6 36. Nxc6 Re6 37. Nb4 d4 38. exd4 Bxd4 39. h4 h5 40. Nd5 Re2+ 41. Kf1 Rb2 42. Nf4 1/2-1/2

[Event "Landesliga Sued 0506"]
[Site "Bayern"]
[Date "2005.11.13"]
[Round "2.7"]
[White "Gerstner, Bernhard"]
[Black "Nuessel, Georg"]
[Result "1-0"]
[WhiteElo "2106"]
[BlackElo "2148"]
[PlyCount "53"]
[EventDate "2005.10.23"]
[EventType "team-tourn"]
[EventRounds "9"]
[EventCountry "GER"]
[SourceTitle "EXT 2007"]
[Source "ChessBase"]
[SourceDate "2006.11.23"]
[SourceVersion "1"]
[SourceVersionDate "2006.11.23"]
[SourceQuality "1"]
[WhiteTeam "Ingolstadt"]
[BlackTeam "Garching"]
[WhiteTeamCountry "GER"]
[BlackTeamCountry "GER"]

1. e4 d5 2. exd5 Qxd5 3. Nc3 Qa5 4. d4 c6 5. Bc4 Bf5 6. Nf3 Nf6 7. Bd2 e6 8. Nd5 Qd8 9. Nxf6+ Qxf6 10. Qe2 Nd7 11. 0-0-0 Nb6 12. Bg5 Qg6 13. h4 Be7 14. Bxe7 Kxe7 15. h5 Qf6 16. Bb3 Bg4 17. Rd3 Rad8 18. c3 Nd5 19. Bxd5 Rxd5 20. h6 g5 21. Qd2 Rf5 22. c4 a5 23. d5 Rd8 24. dxc6 Rxd3 25. Qxd3 bxc6 26. Rd1 Qxh6 27. Qd8# 1-0